Statistics for Foreign tourists in China by countries of origin (2013)

Click here to take the quiz!

General Stats

  • This quiz has been taken 526 times
  • The average score is 17 of 20

Answer Stats

Amount of tourists Country of origin % Correct
2 085 300United States
99%
2 877 500Japan
98%
2 186 300Russia
96%
533 500France
96%
625 000United Kingdom
96%
3 969 000South Korea
95%
649 300Germany
94%
676 600India
93%
723 100Australia
91%
684 200Canada
91%
251 200Italy
88%
651 700Thailand
87%
605 300Indonesia
84%
1 206 500Malaysia
81%
966 600Singapore
76%
1 050 000Mongolia
71%
996 700Philippines
65%
206 600North Korea
60%
188 600Netherlands
48%
393 500Kazakhstan
43%

Score Distribution

Percentile by Number Answered

Percent of People with Each Score

Your Score History

You have not taken this quiz